000 00353nam a2200145Ia 4500
008 230917s9999||||xx |||||||||||||| ||und||
040 _e46672
_aMAIN
041 _aEnglish
082 _a410 K884L
100 _aKress, Gunter
245 0 _aLanguage as iddology
260 _aLondon
_bRoutledge & Kegan Paul
_c1979
300 _ax, 163 p.
942 _cBK
999 _c208002
_d208002